| 000 | 00775na a2200253 4500 | ||
|---|---|---|---|
| 001 | 13922 | ||
| 003 | MIRAKIL | ||
| 005 | 20181213155156.0 | ||
| 008 | 161031b tu 000 0 | ||
| 035 | _a13922 | ||
| 040 |
_aMilas _btur _cTR-AnCHP |
||
| 041 | _atur | ||
| 082 |
_a923.2 Tunalı H. _bM37 2006 |
||
| 090 | _a923.2 TunalıH. M37 2006 | ||
| 245 |
_aMeşrutiyetten Cumhuriyete Tunalı Hilmi Bey _cyayına hazırlayan İrfan AydınKoleysiyoncular Derneği |
||
| 246 | _aTunalı Hilmi Bey | ||
| 260 |
_aAnkara _b[yayl. y.] _c2006 |
||
| 300 |
_a46 s. _bfotg. _c18 sm. |
||
| 600 |
_aTunalı Hilmi _d1871-1928 _xAnılar |
||
| 650 |
_aTBMM _xAnılar _xKuruluş |
||
| 651 |
_aTürkiye _xSiyaset ve yönetim _y19. yüzyıl |
||
| 651 |
_aTürkiye _xTarih |
||
| 942 |
_2ddc _cBKS |
||
| 999 |
_c7988 _d7988 |
||